| Tag |
First Indicator |
Second Indicator |
Subfields |
| LEADER |
00000cas a2200000 a 4500 |
| 001 |
in00000842016 |
| 005 |
20151019052514.0 |
| 008 |
810301d19uu1981dcumn p s f0 a0eng d |
| 010 |
|
|
|a 86642503
|z sn 85009446
|z 53032905
|
| 022 |
0 |
|
|a 0145-5206
|2 1
|
| 029 |
1 |
|
|a AU@
|b 000020402462
|
| 035 |
|
|
|a (OCoLC)07181762
|
| 035 |
|
|
|9 ADZ9241AM
|
| 040 |
|
|
|a GPO
|c GPO
|d NYG
|d GPO
|d AIP
|d DLC
|d NSD
|d DLC
|d NSD
|d NST
|d NSD
|d NST
|d IUL
|d OCLCQ
|d UtOrBLW
|
| 042 |
|
|
|a nsdp
|a lc
|
| 043 |
|
|
|a n-us---
|
| 049 |
|
|
|a TXAM
|
| 050 |
0 |
0 |
|a HD9711.U58
|b C87
|
| 074 |
|
|
|a 142-A
|
| 082 |
0 |
0 |
|a 380.1/456291333/0973021
|2 19
|
| 086 |
0 |
|
|a C 56.216:M 37 G
|
| 086 |
0 |
|
|a C 3.158:M 37 G
|
| 210 |
0 |
|
|a Complete aircr. aircr. engines
|
| 222 |
|
0 |
|a Complete aircraft and aircraft engines
|
| 245 |
0 |
0 |
|a Current industrial reports.
|n M37G,
|p Complete aircraft and aircraft engines /
|c U.S Department of Commerce, Bureau of the Census, Federal Aviation Agency.
|
| 246 |
3 |
0 |
|a Complete aircraft and aircraft engines
|
| 264 |
|
1 |
|a Washington, D.C. :
|b The Bureau :
|
| 264 |
|
2 |
|a Washington, D.C. :
|b For sale by the Bureau of the Census, Washington, D.C.
|
| 300 |
|
|
|a volumes :
|b illustrations ;
|c 28 cm.
|
| 310 |
|
|
|a Monthly, with annual summary
|
| 336 |
|
|
|a text
|b txt
|2 rdacontent
|
| 337 |
|
|
|a unmediated
|b n
|2 rdamedia
|
| 338 |
|
|
|a volume
|b nc
|2 rdacarrier
|
| 362 |
1 |
|
|a Ceased with Sept. 1981.
|
| 500 |
|
|
|a Description based on: Summary for 1960; title from caption.
|
| 500 |
|
|
|a Prior to Jan. 1976 issues were classed C 56.216:M 37 G
|
| 500 |
|
|
|a Title from caption.
|
| 500 |
|
|
|a Description based on: Jan. 1979.
|
| 550 |
|
|
|a Prepared by: the Bureau of the Census, Industry Division, Machinery and Equipment Section, 1960-1961; Bureau of the Census, Industry Division, Electrical Machinery and Transportation Equipment Section, 1962-1963.
|
| 650 |
|
0 |
|a Aircraft industry
|z United States
|v Statistics
|v Periodicals.
|
| 650 |
|
0 |
|a Aircraft engine industry
|z United States
|v Statistics
|v Periodicals.
|
| 650 |
|
0 |
|a Aircraft industry
|z United States
|x Statistics
|x Periodicals.
|
| 710 |
1 |
|
|a United States.
|b Bureau of the Census.
|
| 710 |
1 |
|
|a United States.
|b Federal Aviation Agency.
|
| 710 |
1 |
|
|a United States.
|b Bureau of the Census.
|b Electrical Machinery and Transportation Equipment Section.
|
| 780 |
0 |
0 |
|t Facts for industry. M37G, Complete aircraft and aircraft engines
|w (OCoLC)32789199
|
| 785 |
0 |
0 |
|t Current industrial reports. M37G, New complete aircraft and aircraft engines (except military)
|x 0883-8976
|w (DLC) 85642053
|w (OCoLC)8654536
|
| 850 |
|
|
|a DLC
|a TU
|a ViBlbV
|
| 936 |
|
|
|a Feb. 1981 LIC
|
| 994 |
|
|
|a C0
|b TXA
|
| 949 |
|
|
|a updated
|b h
|c 2009/5/4
|e coplinger
|f 8:25:45 am
|
| 999 |
|
|
|a MARS
|
| 999 |
f |
f |
|s efb6780b-cffa-3f39-9274-d6d1cdd6d50e
|i 917c96b9-9923-338b-8c5f-39df09bf552b
|t 0
|
| 952 |
f |
f |
|p serial
|a Texas A&M University
|b College Station
|c Sterling C. Evans Library
|d Evans: US Documents (Annex 5th floor)
|t 0
|e C 3.158:M 37 G
|h Superintendent of Documents classification
|i unmediated -- volume
|k 64-71
|l 1964-1971
|m A14837678695
|
| 998 |
f |
f |
|a C 3.158:M 37 G
|s 80:no.13 (1980:summary),
|t 0
|l Evans: US Documents (Annex 5th floor)
|